000 01559nam a22001457a 4500
999 _c525015
_d525015
008 240206b ||||| |||| 00| 0 eng d
100 _aWang, X.L., Leung, C.Y. and Mui, C.K.
_948405
245 _aCommoning experiments in a state-corporatist city state: The case of Hong Kong
260 _aUrban Affairs Review
300 _a59(6), Nov, 2023: p.1809-1837
520 _aThis study addresses the research question of how the tensions between urban commons and ‘the public’ might be resolved through boundary spanning. Urban commons offers a new lens for public managers and politicians to rethink ways that urban resources could be governed to enhance public problem-solving and co-create public-value outcomes. Through in-depth case analyses of commoning initiatives at five public markets in Hong Kong, we find that tensions with bureaucratic modes of governance, marketisation of public space, land politics, and little trust in the government were major barriers of commoning. The results also pointed to the unique boundary spanning strategies to facilitate commoning such as using co-creation and political framing to align community interests and public agenda and using legal framing to enable the reallocation of property rights among property owners and community actors. This research also revealed distinct dynamics of boundary spanning in illiberal democratic systems. – Reproduced https://journals.sagepub.com/doi/abs/10.1177/10780874231162934
773 _aUrban Affairs Review
906 _aURBAN DEVELOPMENT
942 _cAR